MARC details
| 000 -CABECERA |
| campo de control de longitud fija |
02430cab a2200265 a 4500 |
| 005 - FECHA Y HORA DE LA ÚLTIMA TRANSACCIÓN |
| campo de control |
20240925064017.0 |
| 008 - ELEMENTOS DE LONGITUD FIJA--INFORMACIÓN GENERAL |
| campo de control de longitud fija |
991125c2019 sp ar p o 000 0 spa d |
| 035 ## - NÚMERO DE CONTROL DEL SISTEMA |
| Número de control de sistema |
UPN01000235656 |
| 040 ## - FUENTE DE LA CATALOGACIÓN |
| Centro catalogador/agencia de origen |
MX-MxUPN |
| Lengua de catalogación |
spa |
| Normas de descripción |
aacr2 |
| 049 ## - COLECCIÓN |
| Colección |
ART-E |
| 100 1# - ASIENTO PRINCIPAL--NOMBRE PERSONAL |
| Nombre de persona |
Bonavitta, Paola |
| Enlace |
- paola.bonavitta@gmail.com |
| 100 1# - ASIENTO PRINCIPAL--NOMBRE PERSONAL |
| Nombre de persona |
De Garay Hernández, Jimena |
| 245 10 - MENCIÓN DE TÍTULO |
| Título |
"La casa de papel", 'Rita' y 'Merlí': entre nuevas narrativas y viejos patriarcados |
| Medio |
[recurso electrónico en línea] |
| 506 0# - NOTA DE RESTRICCIONES AL ACCESO |
| Limitaciones de acceso |
Acceso abierto |
| 520 3# - NOTA DE RESUMEN, ETC. |
| Sumario, etc. |
Netflix ha venido desafiando, en cierta forma, algunos de los roles tradicionales que ocupan las mujeres en los medios de comunicación. Ha incorporado series que han buscado desestabilizar los estereotipos sexistas clásicos para proponer nuevos protagonismos, otras miradas y diversas posibilidades de ser heroínas. En este artículo trabajamos con tres series que presentan nuevas perspectivas narrativas para mujeres y que centralizan gran parte del argumento en ellas: Rita, La Casa de Papel y Merlí. Se trata de tres historias creadas por fuera de las producciones imperialistas e, incluso, del idioma inglés. A partir de un Análisis Crítico del Discurso pautado por la metodología feminista, analizamos las construcciones de mujeres que se presentan en estas ficciones, así como los estereotipos sexistas que se ponen en juego, se desafían y se formulan en el marco de estos tres programas. Desde el análisis de contenido mediático, nos centramos en las representaciones sociales de género que se producen y se concretan en la nueva apuesta de la industria cultural. A pesar de que estas series parecen atender a nuevas demandas de la sociedad, incorporando personajes y narrativas que apelan a la diversidad y a la contestación, es posible sugerir que ese movimiento se dirige más a atraer nichos de mercado en la industria del entretenimiento que a proponer una crítica social más amplia y profunda. |
| 650 #2 - ASIENTO SECUNDARIO DE MATERIA - TERMINO TEMATICO |
| Término de materia o nombre geográfico como elemento de entrada |
Mujeres |
| 9 (RLIN) |
7160 |
| 650 #4 - ASIENTO SECUNDARIO DE MATERIA - TERMINO TEMATICO |
| Término de materia o nombre geográfico como elemento de entrada |
Medios masivos de comunicación |
| 9 (RLIN) |
9547 |
| 650 #2 - ASIENTO SECUNDARIO DE MATERIA - TERMINO TEMATICO |
| Término de materia o nombre geográfico como elemento de entrada |
Análisis de contenido (Comunicación) |
| 9 (RLIN) |
461 |
| 653 0# - TERMINO DE INDIZACION - NO CONTROLADO |
| Término no controlado |
Estereotipos de género |
| 773 ## - ENLACE AL DOCUMENTO FUENTE/ENTRADA DE REGISTRO ANFITRIÓN |
| Parte(s) relacionada(s) |
Vol. 10, no. 2 (2019 ), p. 207-221 |
| Título |
Investigaciones feministas |
| Número Internacional Normalizado para Publicaciones Seriadas |
2171-6080 |
| 856 40 - LOCALIZACIÓN Y ACCESO ELECTRÓNICOS |
| Identificador Uniforme del Recurso |
<a href="https://revistas.ucm.es/index.php/INFE/article/view/66490/4564456552526">https://revistas.ucm.es/index.php/INFE/article/view/66490/4564456552526</a> |
| 856 40 - LOCALIZACIÓN Y ACCESO ELECTRÓNICOS |
| Identificador Uniforme del Recurso |
<a href="https://doi.org/10.5209/infe.66490">https://doi.org/10.5209/infe.66490</a> |
| Nota pública |
Consultar articulo completo |
| 905 ## - TIPO DE MATERIAL |
| Tipo de material |
Articulo |
| 942 ## - ELEMENTOS DE PUNTO DE ACCESO ADICIONAL (KOHA) |
| Tipo de ítem Koha |
Artículo Electrónico |